Forschung Stadtverkehr: Mitteilungen über Forschungen zur Verbesserung der Verkehrsverhältnisse der Gemeinden
Guardat en:
| Format: | Llibre |
|---|---|
| Idioma: | alemany francès |
| Publicat: |
Bonn
Bundesminister für Verkehr Verkehrspolitische Grundsatzabteilung
1988
|
| Matèries: | |
| Etiquetes: |
Afegir etiqueta
Sense etiquetes, Sigues el primer a etiquetar aquest registre!
|
MARC
| LEADER | 00000nam a2200000 a 4500 | ||
|---|---|---|---|
| 001 | UCV4111 | ||
| 003 | CL-VaPUC | ||
| 008 | 891113e19880000GW |||||||||||||||||ger|d | ||
| 041 | 0 | 7 | |a ger |2 CL-VaPUC |
| 041 | 0 | 7 | |a fre |2 CL-VaPUC |
| 082 | 0 | 4 | |a 388.41 |b FOR |2 21 |
| 245 | 1 | 0 | |a Forschung Stadtverkehr: Mitteilungen über Forschungen zur Verbesserung der Verkehrsverhältnisse der Gemeinden |
| 300 | |a 167 p | ||
| 942 | |c BK | ||
| 945 | |d 19891113 00:00:00 | ||
| 260 | |a Bonn |b Bundesminister für Verkehr Verkehrspolitische Grundsatzabteilung |c 1988 | ||
| 650 | 0 | |a Transporte urbano |9 260307 | |
| 650 | 7 | |a IMPEDIDOS FISICAMENTE TRANSPORTE |2 CL-VaPUC |9 260308 | |
| 583 | |a last modification |c 19891113 00:00:00 |k Rodrigo Vera | ||
| 999 | |c 211111 |d 211109 | ||